000 00428cam a22001097a 4500
008 180718b1951 xxu||||| |||| 00| 0 eng d
082 _aL1 Un3b
245 _aBudgetary structure and classification of government accounts
_cby Department of International Economic and Social Affairs, U.S.A.
260 _aNew York
_bUnited Nations
_c1951
300 _a100+p.
700 _aU.S.A. Department of International Economic and Social Affairs
999 _c500384
_d500384